[Event "ROM-ch U10"]
[Site "Calimanesti Caciulata"]
[Date "2016.04.25"]
[Round "9"]
[White "Coman, Gabriel Flavius"]
[Black "Dragomir, Andrei Darius"]
[Result "0-1"]
[WhiteElo "1378"]
[BlackElo "1516"]
[PlyCount "84"]
[EventDate "2016.04.18"]
[EventType "swiss"]
[EventRounds "9"]
[EventCountry "ROU"]
[SourceTitle "EXT 2017"]
[Source "ChessBase"]
[SourceDate "2016.10.25"]
[SourceVersion "1"]
[SourceVersionDate "2016.10.25"]
[SourceQuality "1"]

1. d4 Nf6 2. Nf3 g6 3. e3 Bg7 4. Bd3 0-0 5. Nbd2 d6 6. b3 Nc6 7. a3 Re8 8. e4 e5 9. d5 Ne7 10. 0-0 h6 11. Bb2 Nh7 12. c4 a5 13. Qc2 Rf8 14. Rac1 f5 15. c5 f4 16. cxd6 cxd6 17. Qc7 g5 18. h3 Nf6 19. a4 Ng6 20. Ba3 Qxc7 21. Rxc7 Ne8 22. Rc2 Bf6 23. Rfc1 Bd7 24. Nc4 Be7 25. Nb6 Rd8 26. Nd2 Nh4 27. Ndc4 f3 28. g3 Bxh3 29. Kh2 Bg2 30. Ne3 Ng6 31. Nxg2 fxg2 32. Kxg2 h5 33. Bb5 h4 34. Nd7 Rf7 35. Rc8 Kg7 36. Rxd8 Bxd8 37. Rc8 Nf6 38. Rxd8 Ng4 39. Nb6 Rxf2+ 40. Kh3 Ne3 41. Rd7+ Kh6 42. Rxd6 g4# 0-1

[Event "ROM-ch U10"]
[Site "Calimanesti Caciulata"]
[Date "2016.04.23"]
[Round "7"]
[White "Mainescu, Andrei Cristian"]
[Black "Dragomir, Andrei Darius"]
[Result "1/2-1/2"]
[WhiteElo "1506"]
[BlackElo "1516"]
[PlyCount "72"]
[EventDate "2016.04.18"]
[EventType "swiss"]
[EventRounds "9"]
[EventCountry "ROU"]
[SourceTitle "CBM 172 Extra"]
[Source "ChessBase"]
[SourceDate "2016.06.21"]
[SourceVersion "1"]
[SourceVersionDate "2016.06.21"]
[SourceQuality "1"]

1. e4 e5 2. Nf3 Nc6 3. Bc4 Nf6 4. Nc3 Nxe4 5. Nxe4 d5 6. Bd3 dxe4 7. Bxe4 Bd6 8. d4 exd4 9. Nxd4 Nxd4 10. Qxd4 0-0 11. Be3 Qe7 12. 0-0-0 Be5 13. Qd3 h6 14. Rhe1 Qb4 15. c3 Qa5 16. Qd5 Qxd5 17. Rxd5 Bd6 18. Bc5 Bxc5 19. Rxc5 c6 20. b3 Be6 21. Re5 Rad8 22. Bf5 Bxf5 23. Rxf5 Rfe8 24. Rd1 Rxd1+ 25. Kxd1 Rd8+ 26. Ke2 Kf8 27. a4 Ke7 28. Ra5 a6 29. Re5+ Kf6 30. Re3 Rd5 31. Rd3 Ke6 32. b4 b5 33. Rxd5 Kxd5 34. axb5 axb5 35. Kd3 g6 36. f4 f6 1/2-1/2

[Event "ROM-ch U10"]
[Site "Calimanesti Caciulata"]
[Date "2016.04.18"]
[Round "1"]
[White "Dorobantu, Fanurie Florin"]
[Black "Dragomir, Andrei Darius"]
[Result "0-1"]
[WhiteElo "1242"]
[BlackElo "1516"]
[PlyCount "58"]
[EventDate "2016.04.18"]
[EventType "swiss"]
[EventRounds "9"]
[EventCountry "ROU"]
[SourceTitle "CBM 172 Extra"]
[Source "ChessBase"]
[SourceDate "2016.06.21"]
[SourceVersion "1"]
[SourceVersionDate "2016.06.21"]
[SourceQuality "1"]

1. e4 e5 2. Nf3 Nc6 3. Bc4 Nf6 4. Nc3 Nxe4 5. Nxe4 d5 6. Bxd5 Qxd5 7. d3 Bg4 8. Be3 Be7 9. h3 Bh5 10. Qe2 h6 11. Bd2 Nd4 12. Qd1 Nxf3+ 13. gxf3 f5 14. Ng3 Bxf3 15. Qc1 Bxh1 16. Nxh1 Qxh1+ 17. Ke2 Qxc1 18. Rxc1 0-0-0 19. Bc3 Bd6 20. f4 Rhe8 21. Kd2 exf4 22. Bxg7 h5 23. Bh6 Re6 24. Bg5 Rde8 25. Rf1 Re2+ 26. Kd1 f3 27. Rxf3 Re1+ 28. Kd2 Bb4+ 29. c3 R8e2# 0-1

[Event "ROM-ch U10"]
[Site "Calimanesti"]
[Date "2015.03.30"]
[Round "1"]
[White "Dragomir, Andrei Darius"]
[Black "Dorobantu, Fanurie Florin"]
[Result "1-0"]
[WhiteElo "1583"]
[BlackElo "1163"]
[PlyCount "62"]
[EventDate "2015.03.30"]
[EventType "swiss"]
[EventRounds "9"]
[EventCountry "ROU"]
[SourceTitle "CBM 165 Extra"]
[Source "ChessBase"]
[SourceDate "2015.04.21"]
[SourceVersion "1"]
[SourceVersionDate "2015.04.21"]
[SourceQuality "1"]

1. e4 e5 2. Nf3 Nc6 3. Nc3 Nf6 4. d4 d6 5. Bb5 a6 6. Ba4 b5 7. Bb3 Nxd4 8. Nxd4 exd4 9. Ne2 c5 10. a3 Be7 11. Bg5 h6 12. Bxf6 Bxf6 13. Bd5 Rb8 14. Nf4 Bb7 15. 0-0 0-0 16. Qh5 Re8 17. Bxf7+ Kh8 18. Bxe8 Qxe8 19. Qxe8+ Rxe8 20. f3 Rd8 21. Rfe1 c4 22. Nh5 Bg5 23. f4 Be7 24. e5 dxe5 25. Rxe5 Re8 26. Rae1 Kg8 27. Rxe7 Rxe7 28. Rxe7 Bd5 29. Rxg7+ Kf8 30. Rd7 Bf7 31. Ng3 Be6 1-0

[Event "ROM-ch U08"]
[Site "Calimanesti"]
[Date "2014.04.10"]
[Round "6"]
[White "Filip, Andrei"]
[Black "Dragomir, Andrei Darius"]
[Result "0-1"]
[WhiteElo "1019"]
[BlackElo "1193"]
[PlyCount "92"]
[EventDate "2014.04.06"]
[EventType "swiss"]
[EventRounds "9"]
[EventCountry "ROU"]
[SourceTitle "CBM 160 Extra"]
[Source "ChessBase"]
[SourceDate "2014.07.01"]
[SourceVersion "1"]
[SourceVersionDate "2014.07.01"]
[SourceQuality "1"]

1. d4 d5 2. Nf3 Nf6 3. Nc3 e6 4. Bf4 Be7 5. g3 0-0 6. Bg2 b6 7. 0-0 Bb7 8. Nd2 Nc6 9. e4 Nxd4 10. e5 Nd7 11. Rc1 Nc6 12. Re1 Bg5 13. Bxg5 Qxg5 14. Nf3 Qd8 15. Qd2 h6 16. b3 Nc5 17. a3 a5 18. a4 Nb4 19. Nb5 Ne4 20. Qe3 c5 21. c3 Nc6 22. Nd2 Nxe5 23. Nxe4 dxe4 24. Bxe4 Bxe4 25. Qxe4 Ng6 26. Rcd1 Qb8 27. Rd7 Qc8 28. Rb7 Rb8 29. Rc7 Qd8 30. Qe2 Qg5 31. Rd1 Nf4 32. Qe3 Nh3+ 33. Kf1 Qxe3 34. fxe3 Ng5 35. Rdd7 Nf3 36. Nd6 Nxh2+ 37. Kg2 Ng4 38. Nxf7 Nxe3+ 39. Kf3 Nd5 40. Ra7 Ra8 41. Rab7 Rfb8 42. c4 Rxb7 43. Rxb7 Nb4 44. Ne5 Ra6 45. Re7 Nc2 46. Rxe6 Nd4+ 0-1

[Event "ROM-ch U08"]
[Site "Calimanesti"]
[Date "2014.04.09"]
[Round "4"]
[White "Nedelcu, Teodor Cosmin"]
[Black "Dragomir, Andrei Darius"]
[Result "1-0"]
[WhiteElo "1314"]
[BlackElo "1193"]
[PlyCount "155"]
[EventDate "2014.04.06"]
[EventType "swiss"]
[EventRounds "9"]
[EventCountry "ROU"]
[SourceTitle "CBM 160 Extra"]
[Source "ChessBase"]
[SourceDate "2014.07.01"]
[SourceVersion "1"]
[SourceVersionDate "2014.07.01"]
[SourceQuality "1"]

1. d4 d5 2. c4 e6 3. Nc3 Nf6 4. Bg5 Be7 5. e3 0-0 6. Bd3 dxc4 7. Bxc4 h6 8. Bxf6 Bxf6 9. Nf3 Nd7 10. 0-0 c5 11. Qd3 b6 12. Rad1 Bb7 13. Nd2 Qc7 14. f4 Qc6 15. Rf2 Bh4 16. Re2 Rfd8 17. Nf3 Bf6 18. Kh1 e5 19. Bb5 e4 20. Qc2 Qc7 21. Nxe4 Bxe4 22. Qxe4 a6 23. Bxd7 Qxd7 24. Red2 Qa4 25. b3 Qb5 26. Ne5 Bxe5 27. fxe5 Rab8 28. Qd3 Qc6 29. Qxa6 cxd4 30. exd4 Rd7 31. Qd3 Rbd8 32. Qf3 Qc7 33. Qe3 Rd5 34. e6 fxe6 35. Qxe6+ Kh8 36. Qh3 Rxd4 37. Rxd4 Rxd4 38. Rf1 Qf4 39. Qc8+ Kh7 40. Qc2+ Qe4 41. Qxe4+ Rxe4 42. h3 Re2 43. a4 Re3 44. Rf3 Re4 45. Kh2 Kg6 46. Kg3 Kh7 47. Kf2 g6 48. Re3 Rf4+ 49. Ke2 Kg7 50. g3 Rf5 51. Rf3 Rxf3 52. Kxf3 Kf6 53. Ke4 Ke6 54. b4 h5 55. h4 Kd6 56. Kd4 Ke6 57. a5 bxa5 58. bxa5 Kd6 59. Ke4 Kc5 60. Kf4 Kb5 61. Kg5 Kxa5 62. Kxg6 Kb6 63. Kxh5 Kc6 64. Kg6 Kd6 65. Kg7 Ke6 66. h5 Kf5 67. h6 Kg5 68. h7 Kg4 69. h8Q Kxg3 70. Qf8 Kg4 71. Kh6 Kg3 72. Kh5 Kg2 73. Kh4 Kh2 74. Qf7 Kg2 75. Qf4 Kg1 76. Qd2 Kf1 77. Kg3 Kg1 78. Qe1# 1-0

[Event "ROM-ch U08"]
[Site "Calimanesti"]
[Date "2014.04.08"]
[Round "3"]
[White "Dragomir, Andrei Darius"]
[Black "Creanga, Robert Ionut"]
[Result "1-0"]
[WhiteElo "1193"]
[BlackElo "1276"]
[PlyCount "93"]
[EventDate "2014.04.06"]
[EventType "swiss"]
[EventRounds "9"]
[EventCountry "ROU"]
[SourceTitle "CBM 160 Extra"]
[Source "ChessBase"]
[SourceDate "2014.07.01"]
[SourceVersion "1"]
[SourceVersionDate "2014.07.01"]
[SourceQuality "1"]

1. e4 c5 2. Nf3 a6 3. d4 cxd4 4. Nxd4 Nf6 5. Nc3 e5 6. Nf3 Nc6 7. Be2 Bb4 8. Bc4 Bxc3+ 9. bxc3 Nxe4 10. Qd5 0-0 11. Qxe4 b6 12. 0-0 Re8 13. Bd3 g6 14. Ng5 d5 15. Qf3 f5 16. Qh3 h5 17. c4 f4 18. Qh4 Nb4 19. Bxg6 Be6 20. Qxh5 Kf8 21. Bxe8 Qxe8 22. Qxe8+ Rxe8 23. Ba3 a5 24. c3 dxc4 25. Nxe6+ Rxe6 26. cxb4 axb4 27. Bxb4+ Kf7 28. Rac1 b5 29. h3 Rg6 30. f3 Ra6 31. a3 Kg6 32. Rfe1 Kf6 33. Re4 Re6 34. Rd1 Kf5 35. Rd6 Rxd6 36. Bxd6 c3 37. Rxe5+ Kf6 38. Rc5 c2 39. Rxc2 Ke6 40. Bxf4 b4 41. axb4 Kd5 42. Kf2 Kd4 43. Rc5 Kd3 44. Be5 Kd2 45. Rc3 Kd1 46. Ke3 Ke1 47. Rc1# 1-0